[Event "LYM - Open Général"]
[Site "Lausanne - Casino de Montbenon"]
[Date "2004.09.18"]
[Round "3"]
[White "Flumbort, Andras"]
[Black "Vianin, Pascal"]
[Result "1/2-1/2"]
[WhiteElo "2493"]
[BlackElo "2151"]
[PlyCount "75"]
[EventDate "2004.09.18"]

1. d4 Nf6 2. c4 Nc6 3. Nf3 e6 4. g3 Bb4+ 5. Bd2 Qe7 6. Nc3 Bxc3 7. Bxc3 Ne4 8.
Qc2 Nxc3 9. Qxc3 Qb4 10. Qxb4 Nxb4 11. Kd2 b6 12. a3 Nc6 13. d5 Ne7 14. e4 d6
15. Nd4 e5 16. Nb5 Kd8 17. f4 f6 18. Bd3 Bd7 19. Nc3 c5 20. Raf1 Kc7 21. b4
Rhf8 22. Rf2 g5 23. bxc5 bxc5 24. fxg5 fxg5 25. Rhf1 Rxf2+ 26. Rxf2 Be8 27. Rf6
a6 28. Nd1 Bg6 29. Ne3 Ng8 30. Rf1 Re8 31. h4 gxh4 32. gxh4 Re7 33. Rf8 Re8 34.
Rf2 Re7 35. Rf8 Re8 36. Rf2 Re7 37. Rf8 Re8 38. Rf2 1/2-1/2

[Event "LYM - Open Général"]
[Site "Lausanne - Casino de Montbenon"]
[Date "2004.09.18"]
[Round "3"]
[White "Berset, Philippe"]
[Black "Cornette, Mathieu"]
[Result "0-1"]
[WhiteElo "2181"]
[BlackElo "2393"]
[PlyCount "52"]
[EventDate "2004.09.18"]

1. e4 c5 2. Nf3 Nc6 3. Nc3 e6 4. d4 cxd4 5. Nxd4 Qc7 6. g3 a6 7. Bg2 d6 8. O-O
Bd7 9. a4 Be7 10. Nxc6 Bxc6 11. a5 Nf6 12. Be3 Rc8 13. Re1 O-O 14. Bb6 Qd7 15.
b3 Bd8 16. Bd4 e5 17. Be3 Ng4 18. Bc1 f5 19. Bh3 Nxf2 20. Qh5 Nxh3+ 21. Qxh3
fxe4 22. Qxd7 Bxd7 23. Nxe4 Rxc2 24. Nxd6 Rff2 25. Be3 Rg2+ 26. Kf1 Bh3 0-1

[Event "LYM - Open Général"]
[Site "Lausanne - Casino de Montbenon"]
[Date "2004.09.18"]
[Round "3"]
[White "Patuzzo, Fabrizio"]
[Black "Brunner, Karl"]
[Result "1-0"]
[WhiteElo "2329"]
[BlackElo "2081"]
[PlyCount "47"]

1. Nf3 Nf6 2. c4 e6 3. g3 c5 4. Bg2 Be7 5. O-O O-O 6. Nc3 d6 7. d4 cxd4 8. Nxd4
a6 9. b3 Qc7 10. Bb2 Bd7 11. Rc1 Nc6 12. Nd5 Qd8 13. Nxe7+ Qxe7 14. Ba3 Rfd8
15. e4 e5 16. Nc2 Be8 17. Ne3 Nd4 18. Bb2 Ne6 19. Qd2 Bc6 20. f3 g6 21. Rfe1 h5
22. Nd5 Bxd5 23. exd5 Nd7 24. dxe6 1-0

[Event "LYM - Open Général"]
[Site "Lausanne - Casino de Montbenon"]
[Date "2004.09.19"]
[Round "4"]
[White "Pelletier, Yannick"]
[Black "Pavlovic, Milos"]
[Result "1-0"]
[WhiteElo "2597"]
[BlackElo "2498"]
[PlyCount "71"]

1. Nf3 Nf6 2. c4 b6 3. Nc3 Bb7 4. d4 e6 5. a3 d5 6. cxd5 exd5 7. Qa4+ c6 8. Bg5
Be7 9. e3 Nbd7 10. Bd3 O-O 11. Rd1 Re8 12. O-O h6 13. Bf4 a6 14. Bb1 c5 15. Ne5
Nf8 16. dxc5 bxc5 17. Ba2 Ne6 18. Bg3 Bd6 19. Nc6 Qd7 20. Na5 Qxa4 21. Nxa4
Bxg3 22. hxg3 Rab8 23. Nxb7 Rxb7 24. Bxd5 Nxd5 25. Rxd5 Rb5 26. Rc1 Reb8 27.
Rd6 a5 28. Rc4 Kf8 29. g4 Ke7 30. Rd5 Rd8 31. Rxd8 Kxd8 32. f4 Rb3 33. Nxc5
Nxc5 34. Rxc5 Rxe3 35. Rxa5 Rb3 36. Rd5+ 1-0

[Event "LYM - Open Général"]
[Site "Lausanne - Casino de Montbenon"]
[Date "2004.09.19"]
[Round "4"]
[White "Gallagher, Joseph"]
[Black "Patuzzo, Fabrizio"]
[Result "0-1"]
[WhiteElo "2541"]
[BlackElo "2329"]
[PlyCount "110"]

1. e4 c6 2. d4 d5 3. f3 e6 4. Nc3 b6 5. Be3 Ba6 6. Bxa6 Nxa6 7. Qd3 Nc7 8. Nge2
g6 9. O-O Bg7 10. Nd1 Ne7 11. Nf2 O-O 12. Rad1 Kh8 13. Qd2 Ng8 14. Bf4 Rc8 15.
Qb4 Re8 16. Qa4 Nb5 17. c4 Nd6 18. b3 a5 19. Qa3 Bf8 20. Qc1 b5 21. cxb5 cxb5
22. Qd2 Qb6 23. Nc3 b4 24. Na4 Qd8 25. Qe2 Ne7 26. Be5+ Bg7 27. Ng4 Nc6 28.
Bxg7+ Kxg7 29. Qd2 h5 30. Qh6+ Kg8 31. Ne5 Rc7 32. Rfe1 Ree7 33. Rd2 Nb5 34.
Nxf7 Kxf7 35. Qh7+ Kf8 36. Qh8+ Kf7 37. Qh7+ Kf8 38. Qxg6 Qe8 39. Qh6+ Kg8 40.
exd5 exd5 41. Qg5+ Kh8 42. Qh6+ Kg8 43. Qg5+ Kh7 44. Rxe7+ Rxe7 45. Qf5+ Qg6
46. Qxg6+ Kxg6 47. Nb6 Nc3 48. Kf2 Kf5 49. Na4 Rc7 50. Nc5 Nxd4 51. Na6 Ra7 52.
g4+ hxg4 53. fxg4+ Ke5 54. Ke3 Rxa6 55. Rxd4 Rh6 0-1

[Event "LYM - Open Général"]
[Site "Lausanne - Casino de Montbenon"]
[Date "2004.09.19"]
[Round "4"]
[White "Inkiov, Ventzislav"]
[Black "Petrosian, Tigran L."]
[Result "0-1"]
[WhiteElo "2502"]
[BlackElo "2537"]
[PlyCount "122"]

1. d4 Nf6 2. c4 g6 3. Nc3 d5 4. Bf4 Bg7 5. e3 O-O 6. Qb3 e6 7. Nf3 c6 8. Be2
Nbd7 9. O-O b6 10. Rfd1 Bb7 11. cxd5 exd5 12. Ne5 Nxe5 13. Bxe5 Re8 14. Rac1
Bh6 15. Bf3 Nd7 16. Bg3 Nf8 17. Qa4 Ne6 18. b4 b5 19. Qb3 Qe7 20. a4 a6 21. Rb1
Bg7 22. Be2 Bc8 23. Be5 Bxe5 24. dxe5 Ng7 25. e4 dxe4 26. Nxe4 Qxe5 27. Nd6 Be6
28. Qb2 Qxb2 29. Rxb2 Red8 30. a5 Bd5 31. Nb7 Rdb8 32. Nc5 Ne6 33. Nd7 Rd8 34.
Nb6 Rab8 35. Rbd2 Bb3 36. Rxd8+ Rxd8 37. Rxd8+ Nxd8 38. Nd7 Be6 39. Nb8 Bc8 40.
Bf3 c5 41. bxc5 Ne6 42. Nc6 Bd7 43. Ne5 Nxc5 44. Nxd7 Nxd7 45. Bd5 Kf8 46. f4
Ke7 47. Kf2 f6 48. Ke3 Kd6 49. Kd4 Nb8 50. Bb7 Kc7 51. Be4 Nc6+ 52. Kd5 Nxa5
53. f5 gxf5 54. Bxf5 h6 55. Ke6 Nc4 56. Kxf6 Ne3 57. g4 a5 58. h4 a4 59. g5
hxg5 60. hxg5 Nxf5 61. Kxf5 Kd7 0-1

[Event "LYM - Open Général"]
[Site "Lausanne - Casino de Montbenon"]
[Date "2004.09.19"]
[Round "4"]
[White "Lazarev, Vladimir"]
[Black "Midoux, Sebastien"]
[Result "1-0"]
[WhiteElo "2515"]
[BlackElo "2304"]
[PlyCount "63"]

1. d4 Nf6 2. c4 e6 3. Nc3 Bb4 4. Qc2 O-O 5. a3 Bxc3+ 6. Qxc3 b5 7. cxb5 c6 8.
f3 cxb5 9. e4 a6 10. Bd3 d6 11. Ne2 Bb7 12. O-O Nbd7 13. Be3 e5 14. d5 Rc8 15.
Qd2 Nc5 16. Bc2 Ne8 17. Rfc1 g6 18. b4 Nd7 19. a4 Nb6 20. axb5 Nc4 21. Qd3 axb5
22. Nc3 Nc7 23. Bh6 Re8 24. Bb3 Na6 25. Nxb5 Qb6+ 26. Kh1 Nxb4 27. Qe2 Na5 28.
Be3 Rxc1+ 29. Rxc1 Qd8 30. Ba4 Re7 31. Qd2 Na6 32. Bg5 1-0

[Event "LYM - Open Général"]
[Site "Lausanne - Casino de Montbenon"]
[Date "2004.09.19"]
[Round "4"]
[White "Wells, Peter K."]
[Black "Ginsburg, Gennadij"]
[Result "1/2-1/2"]
[WhiteElo "2494"]
[BlackElo "2511"]
[PlyCount "37"]

1. d4 d5 2. c4 e6 3. Nf3 Nf6 4. g3 Be7 5. Bg2 O-O 6. O-O c6 7. Nc3 Nbd7 8. b3
b6 9. Nd2 b5 10. e4 bxc4 11. bxc4 Ba6 12. e5 Ne8 13. Re1 dxc4 14. Qa4 Nc7 15.
Nxc4 Bb5 16. Qb3 Bxc4 17. Qxc4 Nd5 18. Ne4 Rc8 19. Bd2 1/2-1/2

[Event "LYM - Open Général"]
[Site "Lausanne - Casino de Montbenon"]
[Date "2004.09.19"]
[Round "4"]
[White "Cornette, Mathieu"]
[Black "Burmakin, Vladimir"]
[Result "0-1"]
[WhiteElo "2393"]
[BlackElo "2551"]
[PlyCount "76"]

1. e4 c6 2. d4 d5 3. e5 Bf5 4. c4 e6 5. Nc3 Ne7 6. a3 dxc4 7. Bxc4 Nd7 8. Nge2
Nb6 9. Bb3 h6 10. O-O Qd7 11. Nf4 Ned5 12. Ncxd5 Nxd5 13. Nxd5 cxd5 14. Bc2
Bxc2 15. Qxc2 Be7 16. f4 O-O 17. Bd2 Rac8 18. Qd3 Rc4 19. b3 Rc6 20. f5 exf5
21. Rxf5 f6 22. Bb4 fxe5 23. Rxf8+ Bxf8 24. Bxf8 e4 25. Qg3 Kxf8 26. Qe5 Rc8
27. Rf1+ Kg8 28. Rf5 e3 29. Rf1 Re8 30. Qf4 e2 31. Re1 Qe6 32. Qf2 Qe4 33. h3
a5 34. Kh2 Qe3 35. Qf3 Qxf3 36. gxf3 Re3 37. Kg3 Rxb3 38. Rxe2 Rxa3 0-1

[Event "LYM - Open Général"]
[Site "Lausanne - Casino de Montbenon"]
[Date "2004.09.19"]
[Round "4"]
[White "Duratti, Lindo"]
[Black "Akopian, Vladimir"]
[Result "0-1"]
[WhiteElo "2209"]
[BlackElo "2692"]
[PlyCount "90"]

1. e4 g6 2. d4 Bg7 3. Nc3 d6 4. Be3 c6 5. f4 Qb6 6. Rb1 Nf6 7. h3 Nh5 8. Nge2
e5 9. fxe5 dxe5 10. Qd2 exd4 11. Bxd4 Bxd4 12. Qxd4 O-O 13. g4 Ng7 14. Qxb6
axb6 15. Nf4 Ne6 16. Nxe6 Bxe6 17. a3 Ra5 18. Bd3 h5 19. gxh5 Rxh5 20. h4 Kg7
21. Be2 Re5 22. Kd2 Rh8 23. Ke3 Nd7 24. Kf4 Rc5 25. Rbg1 Nf6 26. Rg5 Rxg5 27.
Kxg5 Nh5 28. Bxh5 Rxh5+ 29. Kf4 Kf6 30. Kg3 Ke5 31. Rh2 b5 32. Re2 f6 33. Re1
Rh7 34. Ne2 g5 35. hxg5 fxg5 36. Nc1 Kd4 37. Ne2+ Ke5 38. Ng1 g4 39. Ne2 Rh3+
40. Kg2 Re3 41. Kf2 Rxe4 42. Ng3 Rxe1 43. Kxe1 Bf5 44. c3 Kf4 45. Kf2 Be6 0-1

[Event "LYM - Open Général"]
[Site "Lausanne - Casino de Montbenon"]
[Date "2004.09.19"]
[Round "4"]
[White "Bagri, Jaspaul"]
[Black "Flumbort, Andras"]
[Result "0-1"]
[WhiteElo "2143"]
[BlackElo "2493"]
[PlyCount "116"]

1. c4 Nf6 2. Nc3 d5 3. cxd5 Nxd5 4. g3 g6 5. Bg2 Nb6 6. Nf3 Bg7 7. O-O O-O 8.
d3 Nc6 9. Bg5 h6 10. Be3 e5 11. Qc1 Kh7 12. Rb1 Nd4 13. Re1 Bg4 14. Nd2 c6 15.
b4 Rc8 16. Nde4 Nd5 17. h3 Nxc3 18. Nxc3 Be6 19. Qd2 Qd7 20. Kh2 f5 21. b5 cxb5
22. Bxd4 Qxd4 23. Nxb5 Qxf2 24. Nd6 Bd5 25. Rg1 f4 26. gxf4 exf4 27. Qe1 Qxe1
28. Rgxe1 f3 29. exf3 Rc2 30. Kg3 h5 31. h4 Bd4 32. Re7+ Kh6 33. Ne4 Rc7 34.
Rxc7 Be5+ 35. Kf2 Bxc7 36. a3 Bf4 37. Rb5 Bc6 38. Rc5 Rf5 39. Rc4 Rb5 40. Bf1
Rb2+ 41. Be2 Ra2 42. Nc3 Rxa3 43. d4 Bd2 44. Nb1 Be3+ 45. Kg3 Rb3 46. Nc3 Bxd4
47. Rxd4 Rxc3 48. Bd3 a5 49. Rd6 Be8 50. Be4 b5 51. Re6 Rc8 52. f4 Kg7 53. f5
gxf5 54. Bxf5 Rc5 55. Be4 Bf7 56. Ra6 b4 57. Kf4 b3 58. Ke3 Re5 0-1

[Event "LYM - Open Général"]
[Site "Lausanne - Casino de Montbenon"]
[Date "2004.09.19"]
[Round "4"]
[White "Peric, Slavisha"]
[Black "Meyer, Harvey"]
[Result "1-0"]
[WhiteElo "2259"]
[BlackElo "2225"]
[PlyCount "117"]

1. d4 Nf6 2. Nf3 e6 3. e3 b6 4. Bd3 Bb7 5. O-O Be7 6. c4 O-O 7. Nc3 d5 8. cxd5
exd5 9. Qe2 Nbd7 10. Ba6 Qc8 11. Bxb7 Qxb7 12. Rd1 Rad8 13. b3 Rfe8 14. Bb2 c6
15. Rac1 Bd6 16. a3 a5 17. Rc2 Ne4 18. Nxe4 Rxe4 19. Rdc1 Re6 20. g3 Nb8 21.
Qd3 Qe7 22. Ne5 Bxa3 23. Bxa3 Qxa3 24. Nxc6 Nxc6 25. Rxc6 Rxc6 26. Rxc6 Qb4 27.
Rc7 g6 28. h4 h5 29. Qc3 Qb5 30. Rb7 Rf8 31. Kg2 Kg7 32. Qc7 Qxb3 33. Rxb6 Qa2
34. Rb5 a4 35. Qe5+ Kg8 36. Qxd5 Qxd5+ 37. Rxd5 Ra8 38. Rc5 a3 39. Rc1 a2 40.
Ra1 f6 41. Kf3 Kf7 42. Ke2 Ke6 43. Kd3 g5 44. Kc3 gxh4 45. gxh4 Kf5 46. Kb3 Kg4
47. Rxa2 Rb8+ 48. Kc4 Kxh4 49. Ra1 Kg4 50. Rh1 h4 51. d5 Rc8+ 52. Kd4 Rh8 53.
d6 Kf3 54. Rh2 Kg4 55. Kd5 Kf5 56. d7 h3 57. Kd6 Ke4 58. Kc7 Rh7 59. Kc8 1-0

[Event "LYM - Open Général"]
[Site "Lausanne - Casino de Montbenon"]
[Date "2004.09.19"]
[Round "4"]
[White "Vianin, Pascal"]
[Black "Habibi, Ali"]
[Result "1-0"]
[WhiteElo "2151"]
[BlackElo "2269"]
[PlyCount "107"]

1. e4 c5 2. Nf3 g6 3. d4 cxd4 4. Qxd4 Nf6 5. Nc3 Nc6 6. Qa4 d6 7. e5 Ng4 8. Bf4
Bg7 9. exd6 O-O 10. Bb5 e5 11. Bg5 f6 12. Bxc6 bxc6 13. Qxc6 fxg5 14. Qxa8 Nxf2
15. O-O Ng4 16. Qd5+ Kh8 17. Qc5 Ba6 18. Rfe1 Bb7 19. Qc7 Bxf3 20. Qxd8 Rxd8
21. gxf3 Nh6 22. Ne4 Nf5 23. Nxg5 Kg8 24. Ne6 Rxd6 25. Nxg7 Kxg7 26. Rad1 Nd4
27. Kg2 Rf6 28. Rd3 Rf5 29. Ra3 Nxc2 30. Rxa7+ Kh6 31. Re4 Nd4 32. b4 Nxf3 33.
b5 Nd2 34. Re3 e4 35. Rd7 Nc4 36. Rxe4 Nb6 37. Rh4+ Kg5 38. Rdxh7 Rxb5 39. a3
Rb2+ 40. Kf1 Nd5 41. Ra4 Ne3+ 42. Ke1 Rc2 43. h4+ Kf5 44. h5 Ng2+ 45. Kd1 Ne3+
46. Ke1 Ng2+ 47. Kf1 Ne3+ 48. Kg1 Rc1+ 49. Kf2 Nd1+ 50. Kf3 gxh5 51. Rxh5+ Kg6
52. Rb5 Rc6 53. Rg4+ Kf6 54. Kf4 1-0

[Event "LYM - Open Général"]
[Site "Lausanne - Casino de Montbenon"]
[Date "2004.09.19"]
[Round "5"]
[White "Patuzzo, Fabrizio"]
[Black "Pelletier, Yannick"]
[Result "1-0"]
[WhiteElo "2329"]
[BlackElo "2597"]
[PlyCount "107"]

1. Nf3 d5 2. c4 e6 3. g3 dxc4 4. Qa4+ Nd7 5. Qxc4 a6 6. d4 Ngf6 7. Bg2 b5 8.
Qc2 Bb7 9. O-O c5 10. a4 Qb6 11. axb5 axb5 12. Rxa8+ Bxa8 13. Na3 Be4 14. Qb3
cxd4 15. Qxb5 Qxb5 16. Nxb5 e5 17. Bd2 Be7 18. Nc7+ Kd8 19. Rc1 Bxf3 20. Ba5
Nc5 21. Nd5+ Kd7 22. Nxf6+ gxf6 23. Bxf3 Rb8 24. b4 Nb3 25. Rc7+ Ke8 26. Bc6+
Kf8 27. Bd5 Nd2 28. Rb7 Rxb7 29. Bxb7 Nc4 30. Bd5 Nxa5 31. bxa5 f5 32. f3 Bd8
33. a6 Bb6 34. Kg2 Ke7 35. g4 fxg4 36. fxg4 e4 37. Bxe4 h6 38. Bd5 Kf6 39. Kf3
Kg6 40. h4 f5 41. Bc4 Kf6 42. Bd3 fxg4+ 43. Kxg4 Bc5 44. Kf4 Ba7 45. Ke4 Kg6
46. Kf4+ Kf6 47. Bf5 Bb8+ 48. Ke4 Ba7 49. Bg4 Bb6 50. Kd5 Ba7 51. Bd7 Kg6 52.
Be8+ Kf5 53. h5 Kf4 54. Bg6 1-0

[Event "LYM - Open Général"]
[Site "Lausanne - Casino de Montbenon"]
[Date "2004.09.19"]
[Round "5"]
[White "Petrosian, Tigran L."]
[Black "Lazarev, Vladimir"]
[Result "1/2-1/2"]
[WhiteElo "2537"]
[BlackElo "2515"]
[PlyCount "28"]

1. e4 c5 2. Nc3 Nc6 3. f4 g6 4. Bb5 Nd4 5. Nf3 Nxb5 6. Nxb5 Bg7 7. O-O d5 8. e5
d4 9. c3 Bd7 10. Na3 dxc3 11. dxc3 Nh6 12. Be3 b6 13. h3 Qc8 14. b4 Qa6 1/2-1/2

[Event "LYM - Open Général"]
[Site "Lausanne - Casino de Montbenon"]
[Date "2004.09.19"]
[Round "5"]
[White "Akopian, Vladimir"]
[Black "Wells, Peter K."]
[Result "1-0"]
[WhiteElo "2692"]
[BlackElo "2494"]
[PlyCount "69"]

1. e4 c5 2. Nf3 Nc6 3. Bb5 e6 4. O-O Nge7 5. b3 Ng6 6. Bb2 f6 7. Re1 Be7 8. c3
a6 9. Bf1 O-O 10. d4 d5 11. Nbd2 cxd4 12. cxd4 Bd7 13. a3 Bd6 14. b4 Nce7 15.
exd5 exd5 16. Qb3 Kh8 17. Nb1 Bf5 18. Nc3 Rc8 19. g3 Bb8 20. Rac1 Qd6 21. Na4
Rxc1 22. Bxc1 Be4 23. Nc5 Qc6 24. b5 axb5 25. Bxb5 Qc8 26. Bd7 Qc7 27. Bh3 b6
28. Ne6 Qd7 29. Nd2 Re8 30. Nxe4 dxe4 31. Rxe4 Qc6 32. Re1 Nd5 33. Bd2 Qd6 34.
Qb5 Re7 35. Rc1 1-0

[Event "LYM - Open Général"]
[Site "Lausanne - Casino de Montbenon"]
[Date "2004.09.19"]
[Round "5"]
[White "Burmakin, Vladimir"]
[Black "Peric, Slavisa"]
[Result "1-0"]
[WhiteElo "2551"]
[BlackElo "2259"]
[PlyCount "118"]

1. d4 d5 2. Nf3 Nf6 3. g3 c6 4. Bg2 Bg4 5. O-O Nbd7 6. Nbd2 e6 7. Re1 Be7 8. e4
dxe4 9. Nxe4 Nxe4 10. Rxe4 Nf6 11. Re1 O-O 12. c3 Qb6 13. Qb3 Qxb3 14. axb3 Bf5
15. Ne5 a6 16. b4 Bd6 17. Nc4 Bc7 18. Bg5 Bd3 19. Na5 Bxa5 20. bxa5 Nd5 21.
Red1 Bc4 22. Rdc1 h6 23. Bd2 Nf6 24. Ra4 Bd3 25. Rb4 Ra7 26. c4 Rd8 27. Be3 Ng4
28. Bf4 g5 29. Bc7 Rd7 30. Bb6 Ra8 31. d5 cxd5 32. cxd5 Nf6 33. dxe6 fxe6 34.
Rc7 Rxc7 35. Bxc7 Rc8 36. Rxb7 Ne8 37. Rb3 Bc4 38. Rb8 Rxc7 39. Rxe8+ Kf7 40.
Rb8 Kf6 41. Bf1 h5 42. Bxc4 Rxc4 43. Rb6 Rc2 44. h3 Kf5 45. Kg2 g4 46. h4 Kf6
47. Kf1 Kf5 48. Kg2 Kf6 49. Rb8 Kf7 50. b4 Rb2 51. Rh8 Kg6 52. Rg8+ Kf6 53. Rg5
Rxb4 54. Rxh5 Ra4 55. Rc5 Kg6 56. Kf1 Ra2 57. Re5 Kf6 58. Re4 Rxa5 59. Rxg4 Kf7
1-0

[Event "LYM - Open Général"]
[Site "Lausanne - Casino de Montbenon"]
[Date "2004.09.19"]
[Round "5"]
[White "Ginsburg, Gennadij"]
[Black "Vianin, Pascal"]
[Result "1-0"]
[WhiteElo "2511"]
[BlackElo "2151"]
[PlyCount "49"]

1. e4 e5 2. Nf3 Nf6 3. Nc3 Nc6 4. Bb5 Nd4 5. Ba4 c6 6. d3 d6 7. Nxd4 exd4 8.
Ne2 Qa5+ 9. c3 dxc3 10. bxc3 Be7 11. Bc2 O-O 12. O-O Re8 13. f4 Qh5 14. Qe1 Bd8
15. f5 Ng4 16. h3 Ne5 17. d4 Nc4 18. Ng3 Qh4 19. Rf4 Qe7 20. f6 gxf6 21. Nh5 f5
22. Qg3+ Qg5 23. Rg4 fxg4 24. Bxg5 Bxg5 25. h4 1-0

[Event "LYM - Open Général"]
[Site "Lausanne - Casino de Montbenon"]
[Date "2004.09.19"]
[Round "5"]
[White "Flumbort, Andras"]
[Black "Gallagher, Joseph"]
[Result "0-1"]
[WhiteElo "2493"]
[BlackElo "2541"]
[PlyCount "80"]

1. d4 Nf6 2. c4 g6 3. Nc3 Bg7 4. e4 d6 5. Be2 O-O 6. Nf3 e5 7. O-O Na6 8. Re1
c6 9. Bf1 Bg4 10. d5 Ne8 11. h3 Bd7 12. Rb1 c5 13. a3 f5 14. exf5 gxf5 15. Ng5
Nac7 16. b4 cxb4 17. axb4 h6 18. Nf3 b6 19. Bb2 Kh7 20. c5 e4 21. cxb6 axb6 22.
Nd4 Qg5 23. Ndb5 Nxb5 24. Nxb5 Bxb5 25. Bxb5 Rg8 26. Bf1 Bxb2 27. Rxb2 Ra3 28.
Rb3 Rxb3 29. Qxb3 Nf6 30. Ra1 f4 31. Ra7+ Rg7 32. Rxg7+ Kxg7 33. Qc3 Qxd5 34.
Qc7+ Kg6 35. Qxb6 Qd2 36. Qb5 d5 37. Qc5 d4 38. Qc4 d3 39. f3 Qe1 40. fxe4 d2
0-1

[Event "LYM - Open Général"]
[Site "Lausanne - Casino de Montbenon"]
[Date "2004.09.19"]
[Round "5"]
[White "Berset, Philippe"]
[Black "Inkiov, Vetzislav"]
[Result "1/2-1/2"]
[WhiteElo "2181"]
[BlackElo "2502"]
[PlyCount "84"]

1. e4 c5 2. Nf3 d6 3. d4 cxd4 4. Nxd4 Nf6 5. Nc3 Nc6 6. Bc4 e6 7. Be3 a6 8. Qe2
Qc7 9. O-O-O b5 10. Bb3 Na5 11. g4 b4 12. g5 Nxb3+ 13. axb3 bxc3 14. gxf6 g6
15. Qd3 cxb2+ 16. Kxb2 Bb7 17. c4 Qd8 18. Bg5 Qa5 19. f4 e5 20. Ne2 h6 21. Bh4
exf4 22. Be1 Qc5 23. Nd4 h5 24. Bc3 Bh6 25. Nf3 O-O-O 26. Bd4 Qc6 27. Rhe1 Rhe8
28. Nd2 f3 29. Qxf3 Bxd2 30. Rxd2 Rxe4 31. Rxe4 Qxe4 32. Qxe4 Bxe4 33. Re2 Re8
34. Kc3 Kd7 35. Bf2 Re6 36. Kd4 Bb7 37. Rxe6 Kxe6 38. Bh4 Kf5 39. Bg3 Kxf6 40.
Bxd6 Bf3 41. Kc5 Bd1 42. b4 Bb3 1/2-1/2

[Event "LYM - Open Général"]
[Site "Lausanne - Casino de Montbenon"]
[Date "2004.09.19"]
[Round "5"]
[White "Pavlovic, Milos"]
[Black "Staub, Ludovic"]
[Result "1-0"]
[WhiteElo "2498"]
[BlackElo "2097"]
[PlyCount "71"]

1. Nf3 d5 2. g3 Nf6 3. Bg2 e6 4. O-O c5 5. c4 Nc6 6. d4 dxc4 7. Ne5 Nxe5 8.
dxe5 Qxd1 9. Rxd1 Nd7 10. f4 Rb8 11. a4 b6 12. Bc6 Kd8 13. Na3 Kc7 14. Bg2 a6
15. Nxc4 Bb7 16. Bxb7 Rxb7 17. a5 b5 18. Nd6 Bxd6 19. Rxd6 Nb8 20. Be3 Rd8 21.
Bxc5 Rxd6 22. Bxd6+ Kd7 23. Rd1 Nc6 24. Kf2 Kc8 25. Rc1 Kd7 26. b4 Ra7 27. Bc5
Rc7 28. Rd1+ Kc8 29. Rd6 Kb7 30. g4 Nxa5 31. Rb6+ Kc8 32. Bd6 Rb7 33. bxa5 Rxb6
34. axb6 Kb7 35. Bc5 a5 36. Ke3 1-0

[Event "LYM - Open Général"]
[Site "Lausanne - Casino de Montbenon"]
[Date "2004.09.19"]
[Round "5"]
[White "Schneider, Veronika"]
[Black "Cornette, Mathieu"]
[Result "1/2-1/2"]
[WhiteElo "2212"]
[BlackElo "2393"]
[PlyCount "84"]

1. e4 c5 2. c3 Nf6 3. e5 Nd5 4. Nf3 Nc6 5. d4 cxd4 6. cxd4 d6 7. Bc4 Nb6 8. Bb5
dxe5 9. Nxe5 Bd7 10. Nxd7 Qxd7 11. Nc3 e6 12. O-O Be7 13. Qg4 g6 14. Bh6 a6 15.
Bxc6 bxc6 16. Rfd1 f5 17. Qe2 Kf7 18. Bf4 Rhd8 19. Be5 Bf8 20. b3 Ra7 21. Rac1
a5 22. Qf3 Kg8 23. Rc2 Raa8 24. h4 Rac8 25. h5 Qf7 26. hxg6 hxg6 27. Ne2 Nd7
28. Bg3 e5 29. Rxc6 e4 30. Qc3 Rxc6 31. Qxc6 Nf6 32. Qc4 Nd5 33. Nf4 g5 34.
Nxd5 Rxd5 35. Be5 Bg7 36. Bxg7 Kxg7 37. Rc1 f4 38. Qc7 Qxc7 39. Rxc7+ Kf6 40.
Rc4 Kf5 41. Kf1 f3 42. Rc5 Ke6 1/2-1/2

[Event "LYM - Open Général"]
[Site "Lausanne - Casino de Montbenon"]
[Date "2004.09.19"]
[Round "5"]
[White "Gaule, Patrick"]
[Black "Mamedjarova, Zeina"]
[Result "1/2-1/2"]
[WhiteElo "2143"]
[BlackElo "2341"]
[PlyCount "37"]

1. d4 d5 2. Nf3 Nf6 3. c4 e6 4. Nc3 Be7 5. Bf4 O-O 6. e3 a6 7. Qc2 c5 8. dxc5
Bxc5 9. a3 dxc4 10. Bxc4 b5 11. Bd3 Be7 12. Be4 Nxe4 13. Qxe4 Qb6 14. Nd5 exd5
15. Qxe7 Nc6 16. Qc7 Qxc7 17. Bxc7 Bg4 18. Rc1 Bxf3 19. gxf3 1/2-1/2

[Event "LYM - Open Général"]
[Site "Lausanne - Casino de Montbenon"]
[Date "2004.09.20"]
[Round "6"]
[White "Akopian, Vladimir"]
[Black "Patuzzo, Fabrizio"]
[Result "1-0"]
[WhiteElo "2692"]
[BlackElo "2329"]
[PlyCount "80"]

1. e4 c6 2. d4 d5 3. Nd2 dxe4 4. Nxe4 h6 5. Bc4 Bf5 6. Ng3 Bh7 7. f4 e6 8. Nf3
Nf6 9. Ne5 Bd6 10. O-O O-O 11. Kh1 c5 12. c3 cxd4 13. cxd4 Qb6 14. f5 Nc6 15.
Bf4 Rad8 16. Nxc6 Qxc6 17. Bxd6 Rxd6 18. Rc1 Qb6 19. fxe6 fxe6 20. Qb3 Qxb3 21.
Bxb3 Nd5 22. Rfe1 Nf4 23. Rc7 h5 24. h4 Rxd4 25. Rxb7 a5 26. Ra7 g5 27. Rxa5
gxh4 28. Nxh5 h3 29. Nxf4 Rfxf4 30. Bxe6+ Kg7 31. Bxh3 Be4 32. Re3 Rd2 33. Rg3+
Kf6 34. Ra6+ Kf7 35. b4 Rb2 36. a3 Rh4 37. Kg1 Rf4 38. Rc3 Bd5 39. Rc7+ Ke8 40.
Raa7 Rc4 1-0

[Event "LYM - Open Général"]
[Site "Lausanne - Casino de Montbenon"]
[Date "2004.09.20"]
[Round "6"]
[White "Pelletier, Yannick"]
[Black "Midoux, Sebastien"]
[Result "1-0"]
[WhiteElo "2597"]
[BlackElo "2304"]
[PlyCount "57"]

1. e4 c5 2. Nf3 d6 3. d4 cxd4 4. Nxd4 Nf6 5. Nc3 a6 6. f3 e5 7. Nb3 Be6 8. Be3
h5 9. Nd5 Bxd5 10. exd5 Nbd7 11. Qd2 Rc8 12. Na5 Qc7 13. c4 b6 14. Nc6 Nb8 15.
Nxb8 Rxb8 16. b4 Be7 17. Rc1 O-O 18. Be2 Rfc8 19. O-O Qb7 20. Rfd1 Bf8 21. f4
exf4 22. Bxf4 Re8 23. Bf3 Rbc8 24. Qd4 Rc7 25. Be3 Qc8 26. Qf4 Rxe3 27. Qxe3
Rxc4 28. Rxc4 Qxc4 29. a3 1-0

[Event "LYM - Open Général"]
[Site "Lausanne - Casino de Montbenon"]
[Date "2004.09.20"]
[Round "6"]
[White "Gallagher, Joseph"]
[Black "De Reymaeker, Walter"]
[Result "1-0"]
[WhiteElo "2541"]
[BlackElo "1985"]
[PlyCount "31"]

1. e4 d6 2. d4 Nf6 3. Nc3 g6 4. Nf3 Bg7 5. Be3 c6 6. Qd2 b5 7. Bd3 Bb7 8. Bh6
Bxh6 9. Qxh6 Nbd7 10. e5 dxe5 11. dxe5 b4 12. Ne2 Nd5 13. e6 N7f6 14. Ne5 Rf8
15. exf7+ Rxf7 16. Bxg6 1-0

[Event "LYM - Open Général"]
[Site "Lausanne - Casino de Montbenon"]
[Date "2004.09.20"]
[Round "6"]
[White "Ermeni, Avni"]
[Black "Pavlovic, Milos"]
[Result "0-1"]
[WhiteElo "2265"]
[BlackElo "2498"]
[PlyCount "58"]

1. e4 e5 2. Nf3 Nc6 3. Bb5 a6 4. Ba4 Nf6 5. O-O Be7 6. Re1 b5 7. Bb3 O-O 8. a4
Bb7 9. c3 d5 10. axb5 axb5 11. Rxa8 Bxa8 12. exd5 Nxd5 13. d3 b4 14. Bc2 bxc3
15. bxc3 Bf6 16. Bb3 h6 17. Qc2 Nce7 18. Nxe5 Bxe5 19. Rxe5 Ng6 20. Re4 Qd6 21.
Rg4 h5 22. Rg3 Re8 23. Be3 h4 24. Rg4 Rxe3 25. fxe3 Nxe3 26. Qe2 Nxg4 27. Nd2
Qf4 28. Nf1 h3 29. gxh3 N4e5 0-1

[Event "LYM - Open Général"]
[Site "Lausanne - Casino de Montbenon"]
[Date "2004.09.20"]
[Round "6"]
[White "Inkiov, Ventzislav"]
[Black "Oganessian, Gaguik"]
[Result "1-0"]
[WhiteElo "2502"]
[BlackElo "2200"]
[PlyCount "52"]

1. e4 d5 2. exd5 Nf6 3. c4 c6 4. d4 cxd5 5. Nc3 e6 6. Nf3 Be7 7. Bd3 dxc4 8.
Bxc4 O-O 9. O-O a6 10. a3 b5 11. Ba2 Bb7 12. Bg5 h6 13. Bh4 Nbd7 14. Qd3 g5 15.
Bg3 Nc5 16. Qe3 Nce4 17. Nxe4 Nxe4 18. Ne5 Nxg3 19. hxg3 Bd5 20. Bb1 f5 21. g4
Bd6 22. gxf5 exf5 23. Qh3 g4 24. Qxh6 Qf6 25. Nxg4 Qxh6 26. Nxh6+ Kg7 1-0

[Event "LYM - Open Général"]
[Site "Lausanne - Casino de Montbenon"]
[Date "2004.09.20"]
[Round "6"]
[White "Wells, Peter K."]
[Black "Pahud, Cedric"]
[Result "1-0"]
[WhiteElo "2494"]
[BlackElo "2183"]
[PlyCount "47"]

1. d4 Nf6 2. Bg5 Ne4 3. Bf4 c5 4. f3 Qa5+ 5. c3 Nf6 6. Nd2 cxd4 7. Nb3 Qb6 8.
Qxd4 Qxd4 9. cxd4 Nc6 10. e4 a5 11. d5 e5 12. Be3 Nb4 13. Kd1 a4 14. Nd2 d6 15.
Nc4 Nd7 16. Ne2 Na6 17. Nc3 Nc7 18. Nb6 Nxb6 19. Bxb6 Kd7 20. Rc1 a3 21. b3 Be7
22. Nb5 Ne8 23. Rc7+ Nxc7 24. Nxc7 1-0